Quiz o Izraelu - Statystyki

Ogólne statystyki
  • Ten quiz został rozwiązany 2 267 razy
  • Średni wynik to 11 z 20
Statystyki odpowiedzi
Wskazówka Odpowiedź % Poprawnych
Miasto, które jest legalnie stolicą Izraela, chociaż wiele innych krajów go nie uznaje Jerozolima
98%
Dwa morza, które graniczą z Izraelem Morze Śródziemne
85%
Obiekt, który widnieje na fladze Gwiazda {Dawida}
84%
Dwa morza, które graniczą z Izraelem Morze Czerwone
84%
Język urzędowy Hebrajski
83%
Słone morze śródlądowe leżące na wysokości 430 m poniżej poziomu morza Morze Martwe
78%
Dwa najbardziej zaludnione miasta na izraelskim wybrzeżu Tel Awiw
77%
Półwysep, który Izrael zwrócił do Egiptu w 1982 roku Synaj
69%
Rzeka położona na wschodniej granicy Izraela Jordan
57%
Nazwa izraelskiej agencji wywiadu Mosad
48%
Obszar, który Izrael odebrał Syrii w 1967 roku Wzgórza {Golan}
42%
Dwa najbardziej zaludnione miasta na izraelskim wybrzeżu Hajfa
40%
Zbiornik wodny, po którym szedł Jezus (według Biblii) Jezioro {Tyberiadzkie}
38%
Wojna toczona przez Izrael w 1967 roku Wojna {sześciodniowa}
38%
Waluta Izrarela Nowy izraelski szekel
34%
Nazwa izraelskiego parlamentu Kneset
32%
Wojna toczona przez Izrael w 1973 roku Wojna {Jom Kipur}
25%
„Izm” definiuje się jako wsparcie żydowskiej ojczyzny w Ziemi Świętej Syjonizm
19%
Dwaj Izraelczycy, którzy wygrali Pokojową Nagrodą Nobla wraz z Jaserem Arafatem w 1994 roku (podaj jednego z nich)) Icchak Rabin | Szimon Peres
18%
Pustynia obejmująca południową część Izraela Negew
17%
Nie znaleziono quizów pasujących do podanych kryteriów
Rozkład punktacji
Procent ludzi z każdym wynikiem
Percentyl według liczby udzielonych odpowiedzi
Twoja historia wyników
Nie rozwiązałeś tego quizu